000 00308nam a2200121Ia 4500
005 20251222154401.0
008 251222s9999||||xx |||||||||||||| ||spa||
020 _a978-958-917-211-7
082 _a720.105/M29
100 _a"Maury Montenegro, Marcel Antonio"
245 0 _aLa esencia del érbol
942 _cLIB
999 _c35283
_d35283